[Event "2. Vugar Gashimov Memorial 2015"]
[Site "Shamkir AZE"]
[Date "2015.04.17"]
[Round "1.1"]
[White "Kramnik, Vladimir"]
[Black "Adams, Michael"]
[Result "1-0"]
[WhiteElo "2783"]
[BlackElo "2745"]
[PlyCount "77"]
[EventDate "2015.04.17"]
[EventType "tourn"]
[EventRounds "9"]
[EventCountry "BUL"]
[EventCategory "21"]
[Source "lmi"]
[SourceDate "2015.04.17"]

1. Nf3 d5 2. g3 Nf6 3. Bg2 e6 4. O-O Be7 5. c4 O-O 6. d4 dxc4 7. Ne5 Nc6 8.
Bxc6 bxc6 9. Nxc6 Qe8 10. Nxe7+ Qxe7 11. Na3 c5 12. dxc5 Qxc5 13. Be3 Qc6 14.
Rc1 Bb7 15. f3 Ba6 16. Nxc4 Bxc4 17. Qd4 Rfc8 18. b3 Qa6 19. bxc4 Qxa2 20. Kf2
a5 21. Bg5 e5 22. Qd6 Rd8 23. Qb6 Rab8 24. Rfd1 Re8 25. Qe3 a4 26. Bxf6 gxf6
27. Qe4 a3 28. Rd7 Rbd8 29. Ra7 Qb2 30. Rb1 f5 31. Rxb2 fxe4 32. Rxa3 Rd4 33.
Rc2 Rc8 34. c5 exf3 35. Rxf3 Rc6 36. Rd3 Rxd3 37. exd3 f5 38. d4 exd4 39. Ke2
1-0

[Event "2. Vugar Gashimov Memorial 2015"]
[Site "Shamkir AZE"]
[Date "2015.04.17"]
[Round "1.2"]
[White "So, Wesley"]
[Black "Giri, Anish"]
[Result "1-0"]
[WhiteElo "2788"]
[BlackElo "2790"]
[PlyCount "63"]
[EventDate "2015.04.17"]
[EventType "tourn"]
[EventRounds "9"]
[EventCountry "BUL"]
[EventCategory "21"]
[Source "lmi"]
[SourceDate "2015.04.17"]

1. c4 g6 2. e4 e5 3. d4 Nf6 4. dxe5 Nxe4 5. Bd3 Bb4+ 6. Kf1 Nc5 7. Nf3 Ne6 8.
a3 Be7 9. Nc3 d6 10. exd6 Bxd6 11. b4 Bf8 12. Qe2 Bg7 13. Bg5 Bf6 14. Bxf6 Qxf6
15. Qd2 O-O 16. Re1 Qd8 17. Rd1 a5 18. h4 axb4 19. axb4 Nd7 20. h5 Nf6 21. c5
b6 22. hxg6 fxg6 23. Qe3 Qe7 24. Bc4 bxc5 25. b5 Rb8 26. Re1 Rb6 27. Na4 Rd6
28. Nxc5 Ng4 29. Qe4 Nxf2 30. Kxf2 Rd2+ 31. Kg3 Rxf3+ 32. gxf3 1-0

[Event "2. Vugar Gashimov Memorial 2015"]
[Site "Shamkir AZE"]
[Date "2015.04.17"]
[Round "1.3"]
[White "Mamedov, Rauf"]
[Black "Vachier-Lagrave, Maxime"]
[Result "1/2-1/2"]
[WhiteElo "2658"]
[BlackElo "2765"]
[PlyCount "80"]
[EventDate "2015.04.17"]
[EventType "tourn"]
[EventRounds "9"]
[EventCountry "BUL"]
[EventCategory "21"]
[Source "lmi"]
[SourceDate "2015.04.17"]

1. e4 c5 2. Nf3 d6 3. Bb5+ Bd7 4. Bxd7+ Qxd7 5. c4 Nf6 6. Nc3 g6 7. d4 cxd4 8.
Nxd4 Bg7 9. f3 O-O 10. Be3 Nc6 11. O-O a6 12. Qd3 Rfc8 13. b3 Qd8 14. Rac1 Nd7
15. Rfd1 Bxd4 16. Bxd4 Nxd4 17. Qxd4 b5 18. Nd5 bxc4 19. Rxc4 Rxc4 20. Qxc4 Nb6
21. Qc7 Nxd5 22. Qxd8+ Rxd8 23. Rxd5 Rc8 24. Ra5 Rc6 25. Kf2 Kf8 26. Ke3 Ke8
27. Kd3 Kd7 28. Ra4 h5 29. h4 f5 30. Ra5 Ke6 31. b4 Kf6 32. a4 e5 33. b5 axb5
34. Rxb5 Rc1 35. a5 Ra1 36. Kc3 Ke6 37. Kb2 Ra4 38. Kb3 Ra1 39. Kb2 Ra4 40. Kb3
Ra1 1/2-1/2

[Event "2. Vugar Gashimov Memorial 2015"]
[Site "Shamkir AZE"]
[Date "2015.04.17"]
[Round "1.4"]
[White "Anand, Viswanathan"]
[Black "Carlsen, Magnus"]
[Result "1/2-1/2"]
[WhiteElo "2791"]
[BlackElo "2863"]
[PlyCount "106"]
[EventDate "2015.04.17"]
[EventType "tourn"]
[EventRounds "9"]
[EventCountry "BUL"]
[EventCategory "21"]
[Source "lmi"]
[SourceDate "2015.04.17"]

1. e4 e5 2. Nf3 Nc6 3. Bb5 a6 4. Ba4 Nf6 5. O-O Be7 6. Re1 b5 7. Bb3 O-O 8. c3
d5 9. exd5 Nxd5 10. Nxe5 Nxe5 11. Rxe5 c6 12. d3 Bd6 13. Re1 Bf5 14. Qf3 Bg6
15. Bxd5 cxd5 16. Bf4 d4 17. cxd4 Bb4 18. Nc3 Qxd4 19. Be5 Qd7 20. Nd5 f6 21.
Nxb4 fxe5 22. Qd5+ Qxd5 23. Nxd5 Bxd3 24. Rxe5 Rfe8 25. Rxe8+ Rxe8 26. Ne3 Rc8
27. a3 a5 28. h4 Bg6 29. Rd1 b4 30. axb4 axb4 31. g4 b3 32. h5 Bf7 33. Kg2 Kf8
34. Kg3 Ra8 35. Rd2 h6 36. Nf5 Be6 37. Nd4 Bf7 38. f3 Rc8 39. Kf4 Rc1 40. Nf5
Kg8 41. Rd8+ Kh7 42. Rd7 Kg8 43. Rd8+ Kh7 44. Rd7 Kg8 45. Nd6 Be6 46. Re7 Bd5
47. Kf5 Rc6 48. Ke5 Bxf3 49. Nf5 g5 50. Rg7+ Kh8 51. Rg6 Kh7 52. Rg7+ Kh8 53.
Rg6 Kh7 1/2-1/2

[Event "2. Vugar Gashimov Memorial 2015"]
[Site "Shamkir AZE"]
[Date "2015.04.17"]
[Round "1.5"]
[White "Mamedyarov, Shakhriyar"]
[Black "Caruana, Fabiano"]
[Result "1/2-1/2"]
[WhiteElo "2756"]
[BlackElo "2802"]
[PlyCount "179"]
[EventDate "2015.04.17"]
[EventType "tourn"]
[EventRounds "9"]
[EventCountry "BUL"]
[EventCategory "21"]
[Source "lmi"]
[SourceDate "2015.04.17"]

1. d4 Nf6 2. c4 g6 3. Nc3 d5 4. Nf3 Bg7 5. Bf4 c5 6. dxc5 Ne4 7. Nxe4 dxe4 8.
Qxd8+ Kxd8 9. O-O-O+ Ke8 10. Bxb8 Rxb8 11. Nd4 Bd7 12. e3 a5 13. Be2 Rc8 14.
Rd2 f5 15. Rhd1 a4 16. b4 axb3 17. axb3 Rxc5 18. b4 Rc8 19. Ra2 Kf7 20. Ra7 Rc7
21. c5 Be5 22. Kc2 Rhc8 23. Kb3 Kf6 24. Bc4 e6 25. g3 g5 26. f4 exf3 27. Nxf3
Bc6 28. Nxe5 Kxe5 29. Rd6 Re7 30. b5 Bxb5 31. Bxb5 Rxc5 32. Rb6 Rec7 33. Rbxb7
Rc3+ 34. Kb4 Rxb7 35. Rxb7 Rxe3 36. Rxh7 f4 37. g4 f3 38. Rf7 Re4+ 39. Bc4 Rxg4
40. Rxf3 Rh4 41. Rf2 Kd4 42. Rg2 e5 43. Be6 Rh6 44. Bg4 Rb6+ 45. Ka5 Rb8 46.
Rd2+ Ke3 47. Rd5 Ke4 48. Rd7 Kf4 49. h3 e4 50. Rf7+ Kg3 51. Rf5 Re8 52. Rxg5
Kh4 53. Rh5+ Kg3 54. Bd7 Re7 55. Rg5+ Kh2 56. Bg4 e3 57. Be2 Kxh3 58. Kb4 Kh4
59. Rg4+ Kh3 60. Rg8 Kh4 61. Kc3 Rd7 62. Re8 Kg5 63. Rxe3 Rd8 64. Rf3 Rd6 65.
Rf1 Rf6 66. Rg1+ Kf4 67. Kd2 Rh6 68. Rg4+ Ke5 69. Ke3 Rb6 70. Bd3 Rb3 71. Rg5+
Kf6 72. Rd5 Rb4 73. Be4 Ke6 74. Kf4 Rb2 75. Rh5 Rf2+ 76. Bf3 Rf1 77. Rh6+ Ke7
78. Ke4 Kf7 79. Bh5+ Ke7 80. Ke5 Re1+ 81. Kd5 Re3 82. Bg6 Ra3 83. Be4 Ra1 84.
Ke5 Re1 85. Rh7+ Ke8 86. Ra7 Kf8 87. Kf5 Ke8 88. Rh7 Kd8 89. Rh1 Rxh1 90. Bxh1
1/2-1/2

[Event "2. Vugar Gashimov Memorial 2015"]
[Site "Shamkir AZE"]
[Date "2015.04.18"]
[Round "2.1"]
[White "Adams, Michael"]
[Black "Caruana, Fabiano"]
[Result "1/2-1/2"]
[WhiteElo "2746"]
[BlackElo "2802"]
[PlyCount "51"]
[EventDate "2015.04.17"]
[EventType "tourn"]
[EventRounds "9"]
[EventCountry "BUL"]
[EventCategory "21"]
[Source "lmi"]
[SourceDate "2015.04.17"]

1. e4 e5 2. Nf3 Nc6 3. Bb5 Nf6 4. d3 Bc5 5. Bxc6 dxc6 6. Nc3 O-O 7. h3 Nd7 8.
Be3 Bd6 9. Qd2 c5 10. O-O Nb8 11. Nh2 Nc6 12. Ne2 Nd4 13. Rae1 Be6 14. b3 a5
15. f4 exf4 16. Bxf4 Bxf4 17. Rxf4 a4 18. Rf2 Nxe2+ 19. Qxe2 Qd4 20. Qe3 Qxe3
21. Rxe3 axb3 22. axb3 Ra1+ 23. Rf1 Ra2 24. Rf2 Ra1+ 25. Rf1 Ra2 26. Rf2
1/2-1/2

[Event "2. Vugar Gashimov Memorial 2015"]
[Site "Shamkir AZE"]
[Date "2015.04.18"]
[Round "2.2"]
[White "Carlsen, Magnus"]
[Black "Mamedyarov, Shakhriyar"]
[Result "1-0"]
[WhiteElo "2863"]
[BlackElo "2754"]
[PlyCount "57"]
[EventDate "2015.04.17"]
[EventType "tourn"]
[EventRounds "9"]
[EventCountry "BUL"]
[EventCategory "21"]
[Source "lmi"]
[SourceDate "2015.04.17"]

1. d4 d5 2. c4 c6 3. Nf3 Nf6 4. e3 g6 5. Nc3 Bg7 6. Be2 O-O 7. O-O b6 8. a4 a5
9. cxd5 cxd5 10. b3 Ne4 11. Nxe4 dxe4 12. Nd2 Bb7 13. Ba3 f5 14. Rc1 Kh8 15.
Nc4 Nd7 16. d5 Rc8 17. d6 e6 18. b4 axb4 19. Bxb4 Bd5 20. a5 bxa5 21. Bxa5 Qe8
22. Qa4 Bc6 23. Qb4 Rb8 24. Nb6 Ne5 25. Qc5 Ba8 26. Bc3 Nd7 27. Bxg7+ Kxg7 28.
Nxd7 Qxd7 29. Qe5+ 1-0

[Event "2. Vugar Gashimov Memorial 2015"]
[Site "Shamkir AZE"]
[Date "2015.04.18"]
[Round "2.3"]
[White "Vachier-Lagrave, Maxime"]
[Black "Anand, Viswanathan"]
[Result "1/2-1/2"]
[WhiteElo "2762"]
[BlackElo "2791"]
[PlyCount "93"]
[EventDate "2015.04.17"]
[EventType "tourn"]
[EventRounds "9"]
[EventCountry "BUL"]
[EventCategory "21"]
[Source "lmi"]
[SourceDate "2015.04.17"]

1. Nf3 d5 2. d4 Nf6 3. c4 e6 4. Nc3 Bb4 5. cxd5 exd5 6. Bg5 h6 7. Bh4 Bf5 8. e3
Nbd7 9. Bd3 Bxd3 10. Qxd3 c6 11. O-O O-O 12. a3 Be7 13. b4 a6 14. Rfb1 b5 15.
a4 Re8 16. Bxf6 Bxf6 17. a5 Be7 18. Qc2 Bd6 19. Ne2 Rc8 20. Nc1 Nf6 21. Nd3 Ne4
22. Rb2 Bf8 23. Nc5 Nxc5 24. bxc5 Qc7 25. Ne1 Re6 26. Nd3 Rce8 27. Nb4 Qc8 28.
Qd3 g6 29. Re2 Be7 30. f3 Bf6 31. Nc2 Qd8 32. Nb4 R8e7 33. g3 Ra7 34. Kg2 Kg7
35. Raa2 h5 36. h4 Ra8 37. e4 dxe4 38. Rxe4 Rxe4 39. Qxe4 Qxd4 40. Qxd4 Bxd4
41. Rc2 Bf6 42. Nxc6 Rc8 43. Nb4 Bd8 44. c6 Bxa5 45. Nxa6 b4 46. c7 b3 47. Rb2
1/2-1/2

[Event "2. Vugar Gashimov Memorial 2015"]
[Site "Shamkir AZE"]
[Date "2015.04.18"]
[Round "2.4"]
[White "Giri, Anish"]
[Black "Mamedov, Rauf"]
[Result "1/2-1/2"]
[WhiteElo "2790"]
[BlackElo "2651"]
[PlyCount "111"]
[EventDate "2015.04.17"]
[EventType "tourn"]
[EventRounds "9"]
[EventCountry "BUL"]
[EventCategory "21"]
[Source "lmi"]
[SourceDate "2015.04.17"]

1. d4 d5 2. c4 c6 3. Nf3 Nf6 4. Qb3 dxc4 5. Qxc4 Bg4 6. Nbd2 Nbd7 7. g3 e6 8.
Bg2 Be7 9. Qb3 Qb6 10. O-O O-O 11. Nc4 Qa6 12. Bd2 Nb6 13. Rfc1 Ne4 14. Be1
Nxc4 15. Qxc4 Qxc4 16. Rxc4 Nd6 17. Rcc1 Rac8 18. e3 f6 19. a4 Bf5 20. Nh4 Be4
21. f3 Bd3 22. Rc3 Be2 23. f4 g5 24. Nf3 gxf4 25. exf4 Bc4 26. Bh3 Bd5 27. Re3
Kf7 28. Bb4 Nc4 29. Bxe7 Nxe3 30. Bxf8 Rxf8 31. Kf2 Nc4 32. b3 Nd6 33. Nd2 a5
34. Rc1 Rd8 35. Nc4 Ke7 36. Nxa5 Ra8 37. b4 Kd7 38. Bg2 h5 39. Ra1 b6 40. Bxd5
bxa5 41. Bb3 Nf5 42. bxa5 Nxd4 43. Bd1 Rxa5 44. Ke3 Nf5+ 45. Kd3 h4 46. g4 Ne7
47. Bb3 Kd6 48. Ke4 f5+ 49. gxf5 exf5+ 50. Kf3 Rc5 51. Kf2 Rc3 52. Bd1 Kc7 53.
a5 Kb7 54. Be2 Nd5 55. a6+ Ka7 56. Rb1 1/2-1/2

[Event "2. Vugar Gashimov Memorial 2015"]
[Site "Shamkir AZE"]
[Date "2015.04.18"]
[Round "2.5"]
[White "Kramnik, Vladimir"]
[Black "So, Wesley"]
[Result "1/2-1/2"]
[WhiteElo "2783"]
[BlackElo "2788"]
[PlyCount "80"]
[EventDate "2015.04.17"]
[EventType "tourn"]
[EventRounds "9"]
[EventCountry "BUL"]
[EventCategory "21"]
[Source "lmi"]
[SourceDate "2015.04.17"]

1. Nf3 d5 2. g3 g6 3. Bg2 Bg7 4. d4 Nf6 5. O-O O-O 6. Nbd2 Ne4 7. Nxe4 dxe4 8.
Ng5 Qxd4 9. Qxd4 Bxd4 10. Rd1 Nc6 11. Bxe4 Bg7 12. c3 Ne5 13. f4 Nc4 14. Bd5
Nd6 15. Be3 h6 16. Nf3 e6 17. Bb3 b6 18. a4 Bb7 19. Ne5 Rfd8 20. a5 h5 21. Bc2
Bf6 22. b3 c5 23. axb6 axb6 24. Rxa8 Bxa8 25. b4 Nb5 26. Nd7 Bxc3 27. Nxb6 Bd4
28. Bxd4 cxd4 29. Nxa8 Rxa8 30. Bd3 Nc3 31. Rd2 Kf8 32. b5 Ke7 33. Rb2 Kd7 34.
b6 Rb8 35. Rb4 Nd5 36. Rxd4 Ke7 37. Be4 Nxb6 38. Rb4 Nd7 39. Rxb8 Nxb8 40. Kf2
Nd7 1/2-1/2

[Event "2. Vugar Gashimov Memorial 2015"]
[Site "Shamkir AZE"]
[Date "2015.04.19"]
[Round "3.1"]
[White "So, Wesley"]
[Black "Adams, Michael"]
[Result "1-0"]
[WhiteElo "2788"]
[BlackElo "2746"]
[PlyCount "89"]
[EventDate "2015.04.17"]
[EventType "tourn"]
[EventRounds "9"]
[EventCountry "BUL"]
[EventCategory "21"]
[Source "lmi"]
[SourceDate "2015.04.17"]

1. d4 Nf6 2. c4 e6 3. Nc3 d5 4. cxd5 exd5 5. Bg5 c6 6. e3 h6 7. Bh4 Be7 8. Bd3
Nbd7 9. f3 O-O 10. Qc2 b5 11. Nge2 Nb6 12. a3 a5 13. O-O Bd7 14. Nc1 Nc4 15.
Re1 Be6 16. Nb3 Nd7 17. Bf2 Rc8 18. Rad1 Qc7 19. h3 Rfd8 20. f4 a4 21. f5 axb3
22. Qxb3 Bxf5 23. Bxf5 Rb8 24. Qc2 b4 25. axb4 Bxb4 26. Re2 Qa5 27. Bh4 f6 28.
Na4 Nf8 29. Bd3 Nb6 30. Nc3 c5 31. dxc5 Bxc5 32. Kh1 Rbc8 33. Bf5 Rc6 34. e4
Bb4 35. e5 Be7 36. Qb3 Qc5 37. exf6 Bxf6 38. Ne4 Qc4 39. Nxf6+ gxf6 40. Qg3+
Kf7 41. Rde1 Qb4 42. Re7+ Qxe7 43. Rxe7+ Kxe7 44. Qg7+ Ke8 45. Bg4 1-0

[Event "2. Vugar Gashimov Memorial 2015"]
[Site "Shamkir AZE"]
[Date "2015.04.19"]
[Round "3.2"]
[White "Mamedov, Rauf"]
[Black "Kramnik, Vladimir"]
[Result "1/2-1/2"]
[WhiteElo "2651"]
[BlackElo "2783"]
[PlyCount "89"]
[EventDate "2015.04.17"]
[EventType "tourn"]
[EventRounds "9"]
[EventCountry "BUL"]
[EventCategory "21"]
[Source "lmi"]
[SourceDate "2015.04.17"]

1. e4 e5 2. Nf3 Nc6 3. Bb5 Nf6 4. O-O Nxe4 5. Re1 Nd6 6. Nxe5 Be7 7. Bf1 Nf5 8.
c3 Nxe5 9. Rxe5 d6 10. Re1 O-O 11. d4 d5 12. Nd2 Bd6 13. Nf3 c6 14. Bd3 Nh4 15.
g3 Nxf3+ 16. Qxf3 Bd7 17. Bd2 Qb6 18. Rab1 Rae8 19. b4 Qd8 20. Qh5 g6 21. Qf3
h5 22. Rxe8 Rxe8 23. Re1 Rxe1+ 24. Bxe1 a5 25. a3 axb4 26. axb4 Bg4 27. Qe3 Qa8
28. Kg2 Qc8 29. Kg1 Bh3 30. Bd2 Qa8 31. f3 b6 32. Kf2 Bf8 33. Qg5 Qe8 34. Bf4
Qe7 35. Qxe7 Bxe7 36. b5 Bd7 37. bxc6 Bxc6 38. Bc7 b5 39. Ba5 h4 40. f4 Bd7 41.
Kf3 hxg3 42. hxg3 Bd6 43. g4 f5 44. gxf5 gxf5 45. Bb4 1/2-1/2

[Event "2. Vugar Gashimov Memorial 2015"]
[Site "Shamkir AZE"]
[Date "2015.04.19"]
[Round "3.3"]
[White "Anand, Viswanathan"]
[Black "Giri, Anish"]
[Result "1/2-1/2"]
[WhiteElo "2791"]
[BlackElo "2790"]
[PlyCount "80"]
[EventDate "2015.04.17"]
[EventType "tourn"]
[EventRounds "9"]
[EventCountry "BUL"]
[EventCategory "21"]
[Source "lmi"]
[SourceDate "2015.04.17"]

1. e4 c6 2. d4 d5 3. e5 Bf5 4. Nf3 e6 5. Be2 Ne7 6. Nbd2 h6 7. O-O Nd7 8. Nb3
g5 9. Ne1 Qc7 10. Bh5 c5 11. c3 Bg7 12. f4 c4 13. Nd2 gxf4 14. Ndf3 Ng6 15.
Bxg6 fxg6 16. Nh4 O-O 17. Rxf4 g5 18. Nxf5 gxf4 19. Nxg7 Kxg7 20. Qg4+ Kh7 21.
Qxe6 Nb6 22. Qh3 Qf7 23. g3 Qg6 24. Ng2 fxg3 25. hxg3 Rf3 26. Bf4 Rf8 27. Qh4
Nc8 28. Re1 Qe6 29. Qh5 Rd3 30. Be3 Ne7 31. Nf4 Qg8 32. Nxd3 Qxg3+ 33. Kh1 Nf5
34. Bf4 Qxd3 35. e6 Ng7 36. Qxh6+ Kg8 37. Kg2 Qc2+ 38. Kg1 Qf5 39. e7 Qg4+ 40.
Kh1 Qf3+ 1/2-1/2

[Event "2. Vugar Gashimov Memorial 2015"]
[Site "Shamkir AZE"]
[Date "2015.04.19"]
[Round "3.4"]
[White "Mamedyarov, Shakhriyar"]
[Black "Vachier-Lagrave, Maxime"]
[Result "1/2-1/2"]
[WhiteElo "2754"]
[BlackElo "2762"]
[PlyCount "72"]
[EventDate "2015.04.17"]
[EventType "tourn"]
[EventRounds "9"]
[EventCountry "BUL"]
[EventCategory "21"]
[Source "lmi"]
[SourceDate "2015.04.17"]

1. d4 Nf6 2. c4 g6 3. Bg5 Bg7 4. Nc3 d5 5. Bxf6 Bxf6 6. cxd5 c5 7. Nf3 cxd4 8.
Nxd4 Qb6 9. Nb3 O-O 10. e3 Rd8 11. Rc1 e6 12. Be2 Nc6 13. O-O Bxc3 14. Rxc3
exd5 15. Rc5 a6 16. Qc1 Be6 17. Nd4 Nxd4 18. exd4 Rac8 19. Rd1 Qb4 20. a3 Qa4
21. h3 Re8 22. Rd2 b6 23. Rc3 Rxc3 24. Qxc3 Rc8 25. Qg3 Qc6 26. Kh2 Qc1 27. Qe3
a5 28. Bg4 Rc6 29. Bf3 Rc2 30. Rxc2 Qxc2 31. b3 b5 32. Qe5 Qxf2 33. Qb8+ Kg7
34. Qe5+ Kg8 35. Qb8+ Kg7 36. Qe5+ Kg8 1/2-1/2

[Event "2. Vugar Gashimov Memorial 2015"]
[Site "Shamkir AZE"]
[Date "2015.04.19"]
[Round "3.5"]
[White "Caruana, Fabiano"]
[Black "Carlsen, Magnus"]
[Result "0-1"]
[WhiteElo "2802"]
[BlackElo "2863"]
[PlyCount "104"]
[EventDate "2015.04.17"]
[EventType "tourn"]
[EventRounds "9"]
[EventCountry "BUL"]
[EventCategory "21"]
[Source "lmi"]
[SourceDate "2015.04.17"]

1. d4 f5 2. g3 Nf6 3. Bg2 e6 4. c4 c6 5. Nf3 d5 6. O-O Bd6 7. b3 Qe7 8. Bb2 b6
9. Ne5 Bb7 10. Nd2 O-O 11. Rc1 a5 12. e3 Na6 13. Nb1 Bxe5 14. dxe5 Ne4 15. Qe2
a4 16. Nc3 axb3 17. axb3 Qb4 18. Nxe4 dxe4 19. Qc2 Nc5 20. Bc3 Qxb3 21. Qxb3
Nxb3 22. Rb1 Nc5 23. Rxb6 Na4 24. Rxb7 Nxc3 25. Re7 Rfe8 26. Rxe8+ Rxe8 27. Ra1
Rd8 28. Bf1 c5 29. Ra3 Nb1 30. Ra1 Nd2 31. Be2 Nf3+ 32. Bxf3 exf3 33. h3 h5 34.
g4 fxg4 35. hxg4 h4 36. Kh2 Rd2 37. Kh3 g5 38. e4 Rd4 39. Ra8+ Kf7 40. Ra3 Rxc4
41. Rxf3+ Ke7 42. Re3 Rd4 43. f3 c4 44. Ra3 Rd3 45. Ra7+ Kd8 46. Kg2 c3 47. Ra4
c2 48. Rc4 Rd2+ 49. Kh3 Kd7 50. Rc5 Rf2 51. f4 Rf3+ 52. Kh2 Rxf4 0-1

[Event "2. Vugar Gashimov Memorial 2015"]
[Site "Shamkir AZE"]
[Date "2015.04.20"]
[Round "4.1"]
[White "Adams, Michael"]
[Black "Carlsen, Magnus"]
[Result "1/2-1/2"]
[WhiteElo "2746"]
[BlackElo "2863"]
[PlyCount "76"]
[EventDate "2015.04.17"]
[EventType "tourn"]
[EventRounds "9"]
[EventCountry "BUL"]
[EventCategory "21"]
[Source "lmi"]
[SourceDate "2015.04.17"]

1. e4 e5 2. Nf3 Nc6 3. Bb5 g6 4. c3 a6 5. Ba4 d6 6. d4 Bd7 7. O-O Bg7 8. d5
Nce7 9. Bxd7+ Qxd7 10. c4 h6 11. Nc3 f5 12. exf5 gxf5 13. Nh4 Nf6 14. f4 e4 15.
Be3 O-O 16. Ne2 c6 17. dxc6 bxc6 18. Bd4 c5 19. Bc3 Qe6 20. Rc1 Rf7 21. Ng3 Kh7
22. Qe2 Rg8 23. Rfd1 Ne8 24. Nh5 Bxc3 25. bxc3 Rg4 26. g3 Rxh4 27. gxh4 Ng6 28.
Kh1 Nxh4 29. Rg1 Nf3 30. Rg3 Re7 31. Rd1 Qf7 32. Rh3 Re6 33. Rb1 Rg6 34. Rg3
Re6 35. Rh3 Re7 36. Rd1 Re6 37. Rb1 Re7 38. Rd1 Re6 1/2-1/2

[Event "2. Vugar Gashimov Memorial 2015"]
[Site "Shamkir AZE"]
[Date "2015.04.20"]
[Round "4.2"]
[White "Vachier-Lagrave, Maxime"]
[Black "Caruana, Fabiano"]
[Result "1/2-1/2"]
[WhiteElo "2762"]
[BlackElo "2802"]
[PlyCount "78"]
[EventDate "2015.04.17"]
[EventType "tourn"]
[EventRounds "9"]
[EventCountry "BUL"]
[EventCategory "21"]
[Source "lmi"]
[SourceDate "2015.04.17"]

1. d4 Nf6 2. c4 g6 3. Nc3 d5 4. cxd5 Nxd5 5. Na4 e5 6. dxe5 Nc6 7. a3 Nxe5 8.
e4 Nb6 9. Qxd8+ Kxd8 10. Bg5+ Be7 11. O-O-O+ Ke8 12. Bxe7 Kxe7 13. Nc5 Nbd7 14.
Nxd7 Nxd7 15. Bd3 Ne5 16. Ne2 Ng4 17. Rdf1 Rd8 18. Nf4 c6 19. Be2 Rd4 20. Bxg4
Bxg4 21. f3 Be6 22. Rd1 Rxd1+ 23. Rxd1 Bc4 24. Kc2 Rd8 25. Rxd8 Kxd8 26. Nd3
Ke7 27. b3 Bxd3+ 28. Kxd3 Kd6 29. f4 h5 30. g3 b5 31. Kd4 c5+ 32. Kc3 f5 33.
e5+ Kd5 34. b4 c4 35. h4 a6 36. Kc2 Ke6 37. Kc3 Kd5 38. Kc2 Ke6 39. Kc3 Kd5
1/2-1/2

[Event "2. Vugar Gashimov Memorial 2015"]
[Site "Shamkir AZE"]
[Date "2015.04.20"]
[Round "4.3"]
[White "Giri, Anish"]
[Black "Mamedyarov, Shakhriyar"]
[Result "1/2-1/2"]
[WhiteElo "2790"]
[BlackElo "2754"]
[PlyCount "81"]
[EventDate "2015.04.17"]
[EventType "tourn"]
[EventRounds "9"]
[EventCountry "BUL"]
[EventCategory "21"]
[Source "lmi"]
[SourceDate "2015.04.17"]

1. d4 d5 2. c4 c6 3. Nc3 Nf6 4. e3 Bf5 5. Nf3 a6 6. Be2 h6 7. Bd3 Bxd3 8. Qxd3
e6 9. O-O Bb4 10. Bd2 O-O 11. a3 Bxc3 12. Bxc3 dxc4 13. Qxc4 Qd5 14. Qb4 b5 15.
Qa5 Rc8 16. a4 Ne4 17. Nd2 Nd6 18. Rfe1 f5 19. f3 c5 20. e4 fxe4 21. fxe4 Qb7
22. axb5 Nxb5 23. d5 exd5 24. exd5 Qxd5 25. Re5 Qd7 26. Qa2+ Qf7 27. Qxf7+ Kxf7
28. Nc4 Ra7 29. Rae1 Kf8 30. Ba5 Nd7 31. Nb6 Nxb6 32. Bxb6 Rd7 33. Bxc5+ Kg8
34. b4 Kh7 35. Re7 Rxe7 36. Rxe7 a5 37. Rb7 Nc3 38. Ra7 axb4 39. Bxb4 Nd5 40.
Bd6 Nf6 41. Ra1 1/2-1/2

[Event "2. Vugar Gashimov Memorial 2015"]
[Site "Shamkir AZE"]
[Date "2015.04.20"]
[Round "4.4"]
[White "Kramnik, Vladimir"]
[Black "Anand, Viswanathan"]
[Result "1/2-1/2"]
[WhiteElo "2783"]
[BlackElo "2791"]
[PlyCount "75"]
[EventDate "2015.04.17"]
[EventType "tourn"]
[EventRounds "9"]
[EventCountry "BUL"]
[EventCategory "21"]
[Source "lmi"]
[SourceDate "2015.04.17"]

1. d4 d5 2. c4 c6 3. Nf3 Nf6 4. Nc3 e6 5. g3 dxc4 6. Bg2 Nbd7 7. O-O b5 8. e4
Bb7 9. e5 Nd5 10. Ng5 h6 11. Nxe6 fxe6 12. Qh5+ Ke7 13. Ne4 Qe8 14. Bg5+ N5f6
15. exf6+ gxf6 16. Bxf6+ Nxf6 17. Nxf6 Qxh5 18. Nxh5 Kf7 19. a4 a6 20. axb5
axb5 21. Rxa8 Bxa8 22. Ra1 Be7 23. Nf4 Bb7 24. Ra7 Rb8 25. Be4 Kf6 26. Ng6 c5
27. Rxb7 Rxb7 28. Bxb7 Kxg6 29. dxc5 Bxc5 30. Ba6 Bd4 31. Bxb5 Bxb2 32. Bxc4 e5
33. f3 Kf6 34. Kg2 Bc1 35. Bd3 Bb2 36. Bc4 Bc1 37. Bd3 Bb2 38. Bc4 1/2-1/2

[Event "2. Vugar Gashimov Memorial 2015"]
[Site "Shamkir AZE"]
[Date "2015.04.20"]
[Round "4.5"]
[White "So, Wesley"]
[Black "Mamedov, Rauf"]
[Result "1-0"]
[WhiteElo "2788"]
[BlackElo "2651"]
[PlyCount "81"]
[EventDate "2015.04.17"]
[EventType "tourn"]
[EventRounds "9"]
[EventCountry "BUL"]
[EventCategory "21"]
[Source "lmi"]
[SourceDate "2015.04.17"]

1. e4 c5 2. Nf3 Nc6 3. d4 cxd4 4. Nxd4 g6 5. c4 Nf6 6. Nc3 d6 7. f3 Bg7 8. Be3
O-O 9. Be2 Nh5 10. g3 Nxd4 11. Bxd4 Be6 12. f4 Nf6 13. O-O Rc8 14. b3 Qa5 15.
f5 Bd7 16. a3 e6 17. b4 Qd8 18. fxg6 fxg6 19. e5 dxe5 20. Bxe5 Bc6 21. b5 Ne4
22. Qxd8 Rcxd8 23. Rxf8+ Rxf8 24. Bxg7 Kxg7 25. Rc1 Nxc3 26. Rxc3 Bd7 27. c5
Rc8 28. a4 Kf6 29. Kf2 Ke5 30. Ke3 Be8 31. Bf3 Rc7 32. Kd3 g5 33. Kc4 h5 34. a5
g4 35. b6 axb6 36. axb6 Rd7 37. Re3+ Kf6 38. c6 bxc6 39. Bxc6 Rd8 40. Bxe8 Rxe8
41. b7 1-0

[Event "2. Vugar Gashimov Memorial 2015"]
[Site "Shamkir AZE"]
[Date "2015.04.21"]
[Round "5.1"]
[White "Mamedov, Rauf"]
[Black "Adams, Michael"]
[Result "1/2-1/2"]
[WhiteElo "2651"]
[BlackElo "2746"]
[PlyCount "100"]
[EventDate "2015.04.17"]
[EventType "tourn"]
[EventRounds "9"]
[EventCountry "BUL"]
[EventCategory "21"]
[Source "lmi"]
[SourceDate "2015.04.17"]

1. e4 e5 2. Nf3 Nc6 3. Bb5 a6 4. Ba4 Nf6 5. O-O Be7 6. Re1 b5 7. Bb3 d6 8. c3
O-O 9. d4 Bg4 10. Be3 exd4 11. cxd4 Na5 12. Bc2 Nc4 13. Bc1 c5 14. b3 Nb6 15.
Nbd2 cxd4 16. h3 Bh5 17. g4 d3 18. Bxd3 Bg6 19. Nd4 d5 20. Bb2 Rc8 21. Rc1 dxe4
22. Nxe4 Nxe4 23. Bxe4 Bxe4 24. Rxe4 Bf6 25. Rxc8 Nxc8 26. Qc2 Nd6 27. Re1 Qd7
28. Rd1 Rc8 29. Qd3 Rd8 30. Qf3 Nc8 31. Rd2 Ne7 32. Bc3 Qc8 33. Ne2 Bxc3 34.
Qxc3 Rxd2 35. Qxd2 h6 36. Ng3 Qe6 37. Qd8+ Kh7 38. Qd3+ g6 39. Ne4 Qe5 40. Qf3
Kg7 41. b4 Nd5 42. a3 Nf4 43. h4 Ne6 44. Qe3 Nd4 45. Qd3 Ne6 46. Qe3 Nd4 47.
Qd3 f5 48. gxf5 gxf5 49. Nc5 Kf7 50. Qe3 Qxe3 1/2-1/2